| 000 | 00680cam a2200217 a 4500 | ||
|---|---|---|---|
| 001 | 000015269 | ||
| 005 | 20250717131055.0 | ||
| 008 | 740510s1974 cl 000 0 spa | ||
| 040 |
_aDO-SdBNP _bspa _cBNPHU |
||
| 082 |
_a241 _bG643r, 1974 |
||
| 100 | 1 |
_aGonzález, Fernando, _d1895-1964 _923069 |
|
| 245 | 1 | 3 |
_aEl remordimiento : _b(problemas de teología moral) / _cFernando González. |
| 250 | _a4a ed. | ||
| 260 |
_aMedellín : _bBedout, _c1974. |
||
| 300 |
_a126 p. ; _c19 cm. |
||
| 490 | 1 |
_aBolsilibros bedout _v115 |
|
| 650 | 4 |
_aMoral bíblica _934545 |
|
| 650 | 4 |
_aÉtica cristiana _9389 |
|
| 650 | 0 |
_aEducación religiosa _9682 |
|
| 830 | 0 |
_aBolsilibros bedout ; _v115 _93750 |
|
| 999 |
_c14835 _d14835 |
||